Todos los cuentos

Salvato in:
Dettagli Bibliografici
Autore principale: Quiroga, Horacio
Natura: Libro
Lingua:Undetermined
Pubblicazione: Madrid, España ALLCA XX 1996
Edizione:2
Soggetti:
Tags: Aggiungi Tag
Nessun Tag, puoi essere il primo ad aggiungerne!!

MARC

LEADER 00000nam a2200000Ia 4500
008 170316s9999 xx 000 0 und d
040 |a cru BVZT 
090 |a AR 42 
100 |a Quiroga, Horacio 
245 |a Todos los cuentos 
250 |a 2 
260 |a Madrid, España 
260 |b ALLCA XX 
260 |c 1996 
300 |a 1460 páginas 
650 |a COLECCIÓN ARCHIVOS 
942 |c SALA 
999 |c 12664  |d 12664